First States to Get a McDonald’s - Statistics

General Stats
  • This quiz has been taken 13 times
  • The average score is 8 of 10
Answer Stats
State % Correct
California
92%
Arizona
83%
Colorado
83%
Illinois
83%
Texas
83%
Nevada
75%
New Mexico
75%
Washington
75%
Oregon
67%
Utah
67%
No matching quizzes found
Score Distribution
Percent of People with Each Score
Percentile by Number Answered
Your Score History
You have not taken this quiz